Establishment of larbemco water supply system in Sitio Lapay, Bayawan City, Negros Oriental / (Record no. 5807)
[ view plain ]
| 000 -LEADER | |
|---|---|
| fixed length control field | 02899naa a2200337Ia 4500 |
| 003 - CONTROL NUMBER IDENTIFIER | |
| control field | OSt |
| 005 - DATE AND TIME OF LATEST TRANSACTION | |
| control field | 20260424110341.0 |
| 007 - PHYSICAL DESCRIPTION FIXED FIELD--GENERAL INFORMATION | |
| fixed length control field | a |
| 008 - FIXED-LENGTH DATA ELEMENTS--GENERAL INFORMATION | |
| fixed length control field | 260424s2020 xx 000 0 und d |
| 040 ## - CATALOGING SOURCE | |
| Original cataloging agency | Foundation University |
| Language of cataloging | eng |
| Transcribing agency | Foundation University |
| Description conventions | rda |
| 050 ## - LIBRARY OF CONGRESS CALL NUMBER | |
| Classification number | GS (MBA-FS) LG 221 D35 G73 |
| Item number | A5 B87 2019 A73 |
| 099 ## - LOCAL FREE-TEXT CALL NUMBER (OCLC) | |
| Classification number | 2460 |
| 100 ## - MAIN ENTRY--PERSONAL NAME | |
| Personal name | Apas, Joshua B. |
| 9 (RLIN) | 5261 |
| Relator term | author. |
| 245 10 - TITLE STATEMENT | |
| Title | Establishment of larbemco water supply system in Sitio Lapay, Bayawan City, Negros Oriental / |
| Statement of responsibility, etc. | by Josua B. Apas |
| 260 ## - PUBLICATION, DISTRIBUTION, ETC. | |
| Place of publication, distribution, etc. | Dumaguete City : |
| Name of publisher, distributor, etc. | Foundation University ; |
| Date of publication, distribution, etc. | 2019 |
| 264 ## - PRODUCTION, PUBLICATION, DISTRIBUTION, MANUFACTURE, AND COPYRIGHT NOTICE | |
| Date of production, publication, distribution, manufacture, copy right date | 2019 |
| Copyright Date | 2019 |
| 300 ## - PHYSICAL DESCRIPTION | |
| Extent | 85 leaves : |
| Other physical details | ill. (col.) photographs ; |
| Dimensions | 28 cm |
| Materials specified | appendices |
| Type of unit | leaves |
| 336 ## - CONTENT TYPE | |
| Source | rdacontent |
| Content type term | text |
| Content type code | txt |
| 337 ## - MEDIA TYPE | |
| Source | rdamedia |
| Media type term | unmediated |
| Media type code | n |
| 338 ## - CARRIER TYPE | |
| Materials specified | leaves |
| Carrier type term | volume |
| Carrier type code | nc |
| 502 ## - DISSERTATION, THESIS NOTE | |
| Dissertation note | Graduate feasibility study (Master of Business Administration) -- Foundation University, 2019. |
| 504 ## - BIBLIOGRAPHY, ETC. NOTE | |
| Bibliography, etc. note | Includes bibliographical references and appendices. |
| 520 ## - ABSTRACT, SUMMARY, ETC. | |
| Abstract, Summary, etc. | ABSTRACT<br/>The study aims to assess the feasibility of establishing a water supply system in Sitio Lapay,<br/>Bayawan City, Negros Oriental because of inadequate access to safe and clean water by the<br/>people in the area. People suffer water shortages and breakdowns especially during dry season<br/>when water sources such as open wells, deep wells and collected rain water are unavailable for<br/>consumption.<br/>The survey was conducted to 167 selected household respondents in three purok of the sitio<br/>namely Purok 1, Purok 2 and Purok 3 to answer the survey questions and interview<br/>Significantly, the results concluded that the establishment of a water supply system in the area is<br/>feasible in the five aspects of the study namely, the marketing, the management, the technical,<br/>the financial and the socio-economic aspect.<br/>The establishment of the project is feasible in its marketing and technical aspects because<br/>based on survey result, 85% of the respondents are willing to patronize the other water supplier<br/>in the area and it is found that the project has a sustainable water source that is clean, safe and<br/>potable water to supply water in the operation.<br/>In addition, the proponent of the project which is the existing cooperative in Sitio Lapay is<br/>willing to fund the project as a business expansIon of the cooperative. It is as well feasible in its |
| 650 ## - SUBJECT ADDED ENTRY--TOPICAL TERM | |
| Topical term or geographic name entry element | Water-supply |
| General subdivision | Planning |
| Geographic subdivision | Philippines |
| -- | Bayawan City |
| 9 (RLIN) | 15645 |
| 650 ## - SUBJECT ADDED ENTRY--TOPICAL TERM | |
| Topical term or geographic name entry element | Water utilities |
| Geographic subdivision | Philippines |
| 9 (RLIN) | 15646 |
| General subdivision | Management. |
| 650 ## - SUBJECT ADDED ENTRY--TOPICAL TERM | |
| Topical term or geographic name entry element | Water resources development |
| General subdivision | Economic aspects. |
| Geographic subdivision | Philippines |
| 9 (RLIN) | 15647 |
| 650 ## - SUBJECT ADDED ENTRY--TOPICAL TERM | |
| Topical term or geographic name entry element | Rural water supply |
| Geographic subdivision | Philippines. |
| 9 (RLIN) | 15648 |
| 650 ## - SUBJECT ADDED ENTRY--TOPICAL TERM | |
| Topical term or geographic name entry element | Feasibility studies |
| General subdivision | Public utilities |
| 9 (RLIN) | 15649 |
| Geographic subdivision | Philippines |
| 658 ## - INDEX TERM--CURRICULUM OBJECTIVE | |
| Main curriculum objective | Capston/Thesis Writing 2 : |
| Subordinate curriculum objective | Business Administration, Master Of ; |
| Curriculum code | MBA214. |
| 942 ## - ADDED ENTRY ELEMENTS (KOHA) | |
| Source of classification or shelving scheme | Library of Congress Classification |
| Koha item type | Feasibility Study |
| Classification part | LG 221 D35 G73 |
| Item part | A5 B87 2019 A73 |
| Call number prefix | GS (MBA-FS) |
| Suppress in OPAC | No |
| Withdrawn status | Lost status | Source of classification or shelving scheme | Damaged status | Not for loan | Home library | Current library | Shelving location | Date acquired | Source of acquisition | Total Checkouts | Full call number | Barcode | Date last seen | Price effective from | Koha item type | Accession Number |
|---|---|---|---|---|---|---|---|---|---|---|---|---|---|---|---|---|
| Library of Congress Classification | Foundation University Library | Foundation University Library | Capstone, BP, FS | 04/24/2026 | Donated | GS (MBA-FS) LG 221 D35 G73 A5 B87 2019 A73 | 62052 | 04/24/2026 | 04/24/2026 | Feasibility Study | MBA-FS-2026027 |
